000 00313nam a22001457a 4500
001 1965
005 20260416011442.0
008 260416b |||||||| |||| 00| 0 eng d
020 _a978-6755-897
082 _a560.77
_b1
100 _aGupta,Anshuman
245 _aEconomics
250 _a2
942 _2ddc
_cBOOK
_n0
999 _c1965
_d1965